000
00228 a2200097 4500
100
_a
Keenan & Kaye
245
_a
Gas Tables
260
_a
New York
_b
John Wiley & Sons Inc
_c
090
_c
23457
_d
23457
942
_a
NUST-CAE
_c
M
_c
14955
999
_c
402149
_d
402149